10 Najlepszych strzelców Manchesteru City - Statystyki

Ogólne statystyki
  • Ten quiz został rozwiązany 65 razy
  • Średni wynik to 4 z 10
Statystyki odpowiedzi
Gole Piłkarz % Poprawnych
260 Sergio Aguero
97%
149 Erling Haaland
95%
108 Kevin de Bruyne
69%
131 Raheem Sterling
66%
110 Phil Foden
58%
139 Colin Bell
13%
138 Francis Lee
6%
145 Eric Brook
2%
116 Fred Tilson
2%
146 Joe Hayes
2%
Nie znaleziono quizów pasujących do podanych kryteriów
Rozkład punktacji
Procent ludzi z każdym wynikiem
Percentyl według liczby udzielonych odpowiedzi
Twoja historia wyników
Nie rozwiązałeś tego quizu